000 00932nam a2200265Ia 4500
003 OSt
005 20201125165937.0
008 170328s2015 ck g 000 0 spa
020 _a9789587574951
040 _aCO-BoRNBP
_bspa
_erda
_cCO-BoRNBP
041 _aspa
082 0 4 _a320.9861
_bA73p
100 1 _aArizmendi Posada, Ignacio
_d1944-
_911484
245 1 4 _aLos presidentes, esos hombres
_binfidencias y veleidades de algunos de los más recordados mandatarios colombianos
_cIgnacio Arizmendi Posada
250 _aPrimera edición
264 1 _aBogotá
_bIntermedio
_c2015
300 _a240 páginas
_c24 cm.
336 _atexto
_btxt
_2rdacontent
337 _asin mediación
_bn
_2rdamedia
338 _avolumen
_bnc
_2rdacarrier
504 _aIncluye bibliografía
650 1 4 _2LEMB
_aColombia
_xPolítica y gobierno
_ySiglos XIX - XX
_9105663
650 1 4 _2LEMB
_aPresidentes
_ySiglo XIX-XX
_zColombia
_9105664
942 _2ddc
_cBK
999 _c12678
_d12678